000 00478 a2200169 4500
001 146025
040 _cLeonardo Da Vinci
041 _aPortuguês
082 _a305.23 O48g
_bO48g
100 _aOLIVEIRA, Sidnei
245 _aGeração Y
_bera das conexões: tempo dos relacionamentos
260 _bClube dos Autores
_c2009
_a[São Paulo]
300 _a220
362 _a20090000
697 _aLiderança
_aGerações
_aComportamento humano
_aEducação - jovens
942 _cBK
999 _c146025
_d146025